| 000 | 00000nam##2200000za#4500 |
| 001 | 9.640788 |
| 003 | CaOODSP |
| 005 | 20210624222837 |
| 007 | cr ||||||||||| |
| 008 | 150407|2001||||xxc|||||o f|0| 0 fre|d |
| 040 | |aCaOODSP|bfre |
| 043 | |an-cn--- |
| 086 | 1 |aH68-52/1998F-PDF |
| 110 | 1 |aCanada.|bConseil national du bien-être social. |
| 245 | 10|aProfil de la pauvreté infantile, 1998 |h[ressource électronique] |
| 246 | 1 |aRapport du Conseil national du bien-être social, volume n° 114 |
| 260 | |aOttawa - Ontario : |bConseil national du bien-être social |cÉté 2001. |
| 300 | |a81p.|bfigures, graphiques, tableaux |
| 500 | |aLe n° de catalogue (H68-52/1998F) et l'ISBN (0-662-86060-8) de l'édition imprimée ont été incorrectement copiés dans la publication électronique. |
| 590 | |a12-38-Supp|b2012-09-27 |
| 691 | 07|aPauvreté dans l'enfance|2gcpds |
| 775 | 08|tChild poverty profile, 1998 |w(CaOODSP)9.696680 |
| 776 | 0#|tProfil de la pauvreté infantile, 1998 |w(CaOODSP)9.681565 |
| 856 | 40|ahttp://publications.gc.ca|qPDF|s3.80 Mo|uhttps://publications.gc.ca/collections/collection_2012/cnb-ncw/H68-52-1998-fra.pdf |